[Event "ESP-ch U18"]
[Site "Salobrena"]
[Date "2019.07.24"]
[Round "5"]
[White "Benito Olmedo, Santiago"]
[Black "Cabanas Lopez, Manuel Anxo"]
[Result "0-1"]
[WhiteElo "1775"]
[BlackElo "1603"]
[PlyCount "86"]
[EventDate "2019.07.22"]
[EventType "swiss"]
[EventRounds "9"]
[EventCountry "ESP"]
[SourceTitle "CBM 191 Extra"]
[Source "ChessBase"]
[SourceDate "2019.09.30"]
[SourceVersion "1"]
[SourceVersionDate "2019.09.30"]
[SourceQuality "1"]

1. d4 d5 2. Nf3 Nf6 3. Bf4 e6 4. e3 Bd6 5. Bg3 0-0 6. c4 c6 7. Nc3 Re8 8. Ne5 Bc7 9. Be2 Nbd7 10. Nxd7 Bxd7 11. Qc2 Rc8 12. a3 dxc4 13. Bxc4 e5 14. dxe5 Bxe5 15. Qb3 Nd5 16. 0-0 Bxg3 17. hxg3 Be6 18. Bxd5 cxd5 19. Qxb7 Rc7 20. Qb5 d4 21. Rfd1 Bd7 22. Rxd4 Bxb5 23. Rxd8 Rxd8 24. Nxb5 Rb7 25. Nd4 Rxb2 26. a4 Rdb8 27. Ra3 Rb1+ 28. Kh2 g6 29. g4 R8b2 30. Kg3 Rf1 31. f4 Rff2 32. Nb5 Rxg2+ 33. Kf3 Rbf2+ 34. Ke4 Ra2 35. Rc3 Rxa4+ 36. Nd4 Rxg4 37. Rc8+ Kg7 38. Rc7 Rg3 39. Rb7 h5 40. Kd3 Ra3+ 41. Nb3 h4 42. Ke2 Rg2+ 43. Kf3 Rb2 0-1